000 00479nam a2200133 a 4500
001 000046564
005 20201002052949.0
008 150826s20uu dr 000 0 spa d
040 _aDO-SdBNP
_bspa
_cBNPHU
245 0 3 _aLa escuela como centro de construcción de una cultura de tolerancia y paz /.
260 _aSanto Domingo :
_bCOOPAMA,
_c[200?].
300 _a20 p. ;
_c21 cm.
710 2 _aCooperativa Nacional de Servicios Múltiples de los Maestros(República Dominicana
_974554
999 _c46053
_d46053